000 00824nam a2200253 a 4500
001 24607
003 BD-RjUL
005 20211209001055.0
008 140313r19561918enkfh 001 0 eng d
035 _a(BD-RjUL)24676
040 _aDLC
_cTXA
_beng
_dBD-RjUL
041 _aeng
082 _a942
_bSOC 1958
100 1 _aCoulton, G. G.
_q(George Gordon),
_d1858-1947.
_963606
245 1 0 _aSocial life in Britain from the conquest to the Reformation /
_ccompiled by G.G. Coulton.
260 _aLondon :
_bCambridge at the University Press,
_c1918 [Reprinted 1956]
300 _axx, 566 p. :
_bill., facsims. ;
_c24 cm.
504 _aIncludes index.
650 0 _aLiterature, Medieval.
_975744
651 0 _aGreat Britain
_xSocial life and customs.
_975745
942 _2ddc
_cBK
999 _c24607
_d24607